01692nam a2200445 i 450000100060000000300080000600500170001400600190003100700150005000800410006502000180010602000270012403500230015103500240017403500250019803500220022304000310024505000220027608000120029808200150031010000340032524501450035925000190050426400480052330000410057133600310061233700330064333800430067650400290071958801260074859001640087465000190103865000180105765000210107565000250109665500270112179700190114885600620116799900170122989220FlNmELB20241217171718.0m o d | cr cnu||||||||181009s2017 sp ob 000 0 spa d z9788415648185 a9788417086503 (e-book) a(MiAaPQ)EBC5350049 a(Au-PeEL)EBL5350049 a(CaPaEBR)ebr11546026 a(OCoLC)1105871228 aFINmELBbspaerdacFINmELB 4aTH7413bL735 2017 a697.3290 a697.782231 aLinares González, Virginia.10aMontaje eléctrico de instalaciones solares térmicas :bMF0603_2 /cInnovación y Cualificación, editor ; Virginia Linares González. a2a. edición. 1aAntequera, Málaga :bIC Editorial,c2017. a1 recurso en línea (491 páginas) atextobtxt2rdacontent/spa acomputadorabc2rdamedia/spa arecurso en líneabcr2rdacarrier/spa aContiene bibliografía. aDescripción basada en recurso en línea; Título de la página del título en PDF (e-libro, visto October 9, 2018). aRecurso electrónico. Santa Fe, Arg.: e-libro, 2018. Disponible vía World Wide Web. El acceso puede estar limitado para las bibliotecas afiliadas a e-libro. 0aSolar heating. 0aSolar energy. 4aEnergía solar. 4aEnergía térmica. 4aLibros electrónicos.2 ae-libro, Corp.40uhttps://elibro.net/ereader/politecnicointernacional/42587 c89220d89220